[Event "escc2023_50"]
[Site "?"]
[Date "2023.06.01"]
[Round "7.1"]
[White "Urbanc, Suzana"]
[Black "Makropoulou, Marina"]
[Result "0-1"]
[BlackElo "2081"]
[WhiteElo "1655"]
[LiveChessVersion "1.4.8"]

1. d4 {[%clk 1:30:42]} Nf6 {[%clk 1:30:49]} 2. Nf3 {[%clk 1:31:10]} d5
{[%clk 1:30:28]} 3. Bf4 {[%clk 1:31:34]} c5 {[%clk 1:30:36]} 4. e3
{[%clk 1:31:59]} Nc6 {[%clk 1:30:35]} 5. Nbd2 {[%clk 1:31:52]} Nh5
{[%clk 1:27:32]} 6. Bg3 {[%clk 1:32:07]} cxd4 {[%clk 1:24:06]} 7. exd4
{[%clk 1:28:16]} g6 {[%clk 1:22:52]} 8. c3 {[%clk 1:28:43]} Bg7 {[%clk 1:22:38]}
9. Be2 {[%clk 1:22:12]} O-O {[%clk 1:22:10]} 10. Ne5 {[%clk 1:22:22]} Nxg3
{[%clk 1:18:00]} 11. Nxc6 {[%clk 1:22:12]} bxc6 {[%clk 1:18:27]} 12. fxg3
{[%clk 1:22:04]} Rb8 {[%clk 1:18:05]} 13. Rb1 {[%clk 1:22:07]} Bf5
{[%clk 1:18:17]} 14. Rc1 {[%clk 1:20:27]} Rxb2 {[%clk 1:18:33]} 15. g4
{[%clk 1:20:50]} Bd7 {[%clk 1:15:25]} 16. Rc2 {[%clk 1:17:27]} Rxc2
{[%clk 1:14:21]} 17. Qxc2 {[%clk 1:17:54]} Qc8 {[%clk 1:14:03]} 18. g5
{[%clk 1:14:21]} c5 {[%clk 1:14:20]} 19. O-O {[%clk 1:06:49]} cxd4
{[%clk 1:14:36]} 20. c4 {[%clk 1:07:00]} e5 {[%clk 1:09:45]} 21. Qb3
{[%clk 1:06:52]} e4 {[%clk 1:07:09]} 22. cxd5 {[%clk 1:05:19]} d3
{[%clk 1:07:30]} 23. Bd1 {[%clk 1:05:18]} e3 {[%clk 1:07:32]} 24. Qxd3
{[%clk 1:05:10]} exd2 {[%clk 1:07:56]} 25. Qxd2 {[%clk 1:04:38]} Qc3
{[%clk 1:06:19]} 26. Qxc3 {[%clk 1:04:32]} Bxc3 {[%clk 1:06:47]} 27. Bb3
{[%clk 1:04:45]} Bd4+ {[%clk 0:52:26]} 28. Kh1 {[%clk 1:04:57]} Kg7
{[%clk 0:46:04]} 29. h4 {[%clk 1:02:51]} Re8 {[%clk 0:43:13]} 30. d6
{[%clk 0:52:11]} Be6 {[%clk 0:35:52]} 31. Re1 {[%clk 0:52:07]} Bc5
{[%clk 0:34:22]} 32. Ba4 {[%clk 0:47:15]} Rd8 {[%clk 0:34:39]} 33. d7
{[%clk 0:47:28]} Kf8 {[%clk 0:30:58]} 34. Re2 {[%clk 0:38:02]} Bxd7
{[%clk 0:30:15]} 35. Rd2 {[%clk 0:38:31]} Ke7 {[%clk 0:30:37]} 36. Re2+
{[%clk 0:38:06]} Be6 {[%clk 0:30:53]} 37. g4 {[%clk 0:37:49]} Rd4
{[%clk 0:30:37]} 38. Bb3 {[%clk 0:23:29]} Rxg4 {[%clk 0:30:44]} 39. Bxe6
{[%clk 0:23:57]} fxe6 {[%clk 0:30:50]} 40. Rc2 {[%clk 0:22:17]} Rxh4+
{[%clk 0:31:01]} 41. Kg2 {[%clk 0:22:46]} Rg4+ {[%clk 0:31:03]} 0-1

[Event "escc2023_50"]
[Site "?"]
[Date "2023.06.01"]
[Round "7.2"]
[White "Novak, Simona"]
[Black "Ni, Polina"]
[Result "1/2-1/2"]
[BlackElo "1892"]
[WhiteElo "1622"]
[LiveChessVersion "1.4.8"]

1. e4 {[%clk 1:30:53]} c5 {[%clk 1:30:45]} 2. Nf3 {[%clk 1:31:17]} e6
{[%clk 1:30:59]} 3. Nc3 {[%clk 1:31:40]} Nc6 {[%clk 1:31:03]} 4. d4
{[%clk 1:32:04]} cxd4 {[%clk 1:31:30]} 5. Nxd4 {[%clk 1:32:25]} Nf6
{[%clk 1:31:37]} 6. Be3 {[%clk 1:32:06]} Bb4 {[%clk 1:30:42]} 7. a3
{[%clk 1:31:46]} Bxc3+ {[%clk 1:26:46]} 8. bxc3 {[%clk 1:32:05]} d5
{[%clk 1:17:29]} 9. Nxc6 {[%clk 1:28:18]} bxc6 {[%clk 1:17:54]} 10. e5
{[%clk 1:28:33]} Nd7 {[%clk 1:12:26]} 11. Qg4 {[%clk 1:25:10]} g6
{[%clk 1:05:10]} 12. f4 {[%clk 1:20:31]} Qa5 {[%clk 1:01:46]} 13. Bd2
{[%clk 1:20:36]} Qa4 {[%clk 0:56:41]} 14. Bd3 {[%clk 1:13:46]} Nxe5
{[%clk 0:49:15]} 15. Qg5 {[%clk 1:07:14]} Nxd3+ {[%clk 0:45:49]} 16. cxd3
{[%clk 1:07:38]} c5 {[%clk 0:42:58]} 17. Qf6 {[%clk 1:06:31]} Rg8
{[%clk 0:40:05]} 18. O-O {[%clk 1:06:30]} Qd7 {[%clk 0:34:29]} 19. Rae1
{[%clk 1:04:59]} Qe7 {[%clk 0:33:31]} 20. Qe5 {[%clk 1:05:02]} f6
{[%clk 0:30:54]} 21. Qe3 {[%clk 1:02:50]} Kf7 {[%clk 0:28:59]} 22. f5
{[%clk 1:01:21]} e5 {[%clk 0:23:40]} 1/2-1/2

[Event "escc2023_50"]
[Site "?"]
[Date "2023.06.01"]
[Round "7.3"]
[White "Birkholz, Olga"]
[Black "Sirletti, Sonia"]
[Result "1/2-1/2"]
[BlackElo "1825"]
[WhiteElo "2005"]
[LiveChessVersion "1.4.8"]

1. Nf3 {[%clk 1:30:58]} d5 {[%clk 1:30:48]} 2. g3 {[%clk 1:31:21]} Nf6
{[%clk 1:31:07]} 3. Bg2 {[%clk 1:31:40]} e6 {[%clk 1:31:20]} 4. d3
{[%clk 1:31:32]} Be7 {[%clk 1:31:10]} 5. Nbd2 {[%clk 1:31:42]} O-O
{[%clk 1:29:36]} 6. O-O {[%clk 1:32:03]} c6 {[%clk 1:28:26]} 7. a4
{[%clk 1:31:07]} a5 {[%clk 1:28:20]} 8. b3 {[%clk 1:29:24]} Nbd7 {[%clk 1:28:08]}
9. Bb2 {[%clk 1:29:23]} Qc7 {[%clk 1:27:19]} 10. e4 {[%clk 1:25:14]} dxe4
{[%clk 1:25:30]} 11. dxe4 {[%clk 1:25:39]} Rd8 {[%clk 1:20:30]} 12. Re1
{[%clk 1:16:54]} Bb4 {[%clk 1:07:57]} 13. Qe2 {[%clk 1:09:34]} b6
{[%clk 1:07:28]} 14. e5 {[%clk 1:07:02]} Nd5 {[%clk 1:04:16]} 15. c4
{[%clk 0:59:44]} Ne7 {[%clk 1:03:26]} 16. Rad1 {[%clk 0:46:39]} Nc5
{[%clk 1:01:47]} 17. Nd4 {[%clk 0:46:46]} Bb7 {[%clk 0:59:44]} 18. Rf1
{[%clk 0:45:37]} Rd7 {[%clk 0:52:40]} 19. f4 {[%clk 0:39:14]} Rad8
{[%clk 0:51:19]} 20. N2f3 {[%clk 0:32:41]} Nf5 {[%clk 0:36:49]} 21. Kh1
{[%clk 0:24:16]} Nxd4 {[%clk 0:35:39]} 22. Nxd4 {[%clk 0:24:44]} Na6
{[%clk 0:33:26]} 23. f5 {[%clk 0:14:43]} Nc5 {[%clk 0:32:47]} 24. f6
{[%clk 0:13:53]} g6 {[%clk 0:32:04]} 25. Qe3 {[%clk 0:11:17]} Na6
{[%clk 0:30:44]} 26. Bf3 {[%clk 0:07:57]} Bf8 {[%clk 0:26:18]} 27. Rde1
{[%clk 0:06:25]} Nc5 {[%clk 0:17:50]} 28. Qf4 {[%clk 0:06:06]} b5
{[%clk 0:17:38]} 29. Re3 {[%clk 0:05:19]} bxa4 {[%clk 0:16:27]} 30. h4
{[%clk 0:04:53]} Nxb3 {[%clk 0:15:42]} 31. Nxb3 {[%clk 0:05:09]} axb3
{[%clk 0:16:00]} 32. Rxb3 {[%clk 0:05:38]} Rd3 {[%clk 0:14:02]} 33. Bc3
{[%clk 0:05:18]} a4 1/2-1/2

[Event "escc2023_50"]
[Site "?"]
[Date "2023.06.01"]
[Round "7.4"]
[White "Baliuniene, Margarita"]
[Black "Dubois, Martine"]
[Result "1-0"]
[BlackElo "1753"]
[WhiteElo "1920"]
[LiveChessVersion "1.4.8"]

1. d4 {[%clk 1:30:57]} d5 {[%clk 1:30:53]} 2. Nf3 {[%clk 1:31:14]} Nf6
{[%clk 1:31:16]} 3. c4 {[%clk 1:31:10]} dxc4 {[%clk 1:31:39]} 4. a4
{[%clk 1:31:10]} a6 {[%clk 1:30:54]} 5. e3 {[%clk 1:31:00]} c5 {[%clk 1:26:33]}
6. Bxc4 {[%clk 1:29:44]} e6 {[%clk 1:26:44]} 7. Nc3 {[%clk 1:29:25]} Nbd7
{[%clk 1:25:32]} 8. O-O {[%clk 1:28:09]} Qc7 {[%clk 1:23:30]} 9. Qe2
{[%clk 1:21:51]} b6 {[%clk 1:19:49]} 10. b3 {[%clk 1:17:27]} Bb7 {[%clk 1:18:12]}
11. Bb2 {[%clk 1:17:35]} Bd6 {[%clk 1:17:46]} 12. h3 {[%clk 1:17:16]} O-O
{[%clk 1:17:43]} 13. Rac1 {[%clk 1:14:06]} Qb8 {[%clk 1:15:50]} 14. Rfd1
{[%clk 1:11:54]} cxd4 {[%clk 1:10:22]} 15. exd4 {[%clk 1:05:43]} Nd5
{[%clk 0:59:28]} 16. Nxd5 {[%clk 0:55:57]} exd5 {[%clk 0:59:00]} 17. Bd3
{[%clk 0:56:07]} Nf6 {[%clk 0:57:39]} 18. Ne5 {[%clk 0:50:50]} Bxe5
{[%clk 0:47:52]} 19. dxe5 {[%clk 0:50:42]} Nd7 {[%clk 0:43:02]} 20. e6
{[%clk 0:42:28]} Nc5 {[%clk 0:39:49]} 21. e7 {[%clk 0:23:26]} Re8
{[%clk 0:38:01]} 22. Be5 {[%clk 0:23:18]} Rxe7 {[%clk 0:36:50]} 23. Bxb8
{[%clk 0:23:41]} Rxe2 {[%clk 0:37:14]} 24. Bxe2 {[%clk 0:24:08]} Rxb8
{[%clk 0:37:33]} 25. Rc3 {[%clk 0:23:59]} Ne4 {[%clk 0:35:27]} 26. Rc7
{[%clk 0:23:19]} f5 {[%clk 0:35:12]} 27. b4 {[%clk 0:19:52]} Nf6 {[%clk 0:33:08]}
28. Bf3 {[%clk 0:19:22]} Ne4 {[%clk 0:32:34]} 29. g4 {[%clk 0:18:27]} g6
{[%clk 0:31:45]} 30. gxf5 {[%clk 0:16:33]} gxf5 {[%clk 0:32:08]} 31. a5
{[%clk 0:15:55]} b5 {[%clk 0:31:44]} 32. Kf1 {[%clk 0:14:51]} Kh8
{[%clk 0:29:58]} 33. Ke2 {[%clk 0:14:32]} Re8 {[%clk 0:29:24]} 34. Bxe4
{[%clk 0:14:01]} Ba8 {[%clk 0:28:40]} 35. Rd4 {[%clk 0:10:16]} dxe4
{[%clk 0:26:29]} 36. Ke3 {[%clk 0:09:07]} f4+ {[%clk 0:24:51]} 37. Kxf4
{[%clk 0:09:13]} e3 {[%clk 0:22:26]} 38. fxe3 {[%clk 0:09:30]} Rf8+
{[%clk 0:21:40]} 39. Kg5 {[%clk 0:09:28]} Bf3 {[%clk 0:21:24]} 40. e4
{[%clk 0:08:06]} Re8 {[%clk 0:19:53]} 41. Kf6 {[%clk 0:07:49]} h5
{[%clk 0:18:18]} 42. e5 {[%clk 0:08:08]} h4 {[%clk 0:18:03]} 43. Rxh4+
{[%clk 0:08:22]} 1-0

[Event "escc2023_50"]
[Site "?"]
[Date "2023.06.01"]
[Round "7.5"]
[White "Bellia, Fabrizio"]
[Black "Dishman, Stephen"]
[Result "1/2-1/2"]
[BlackElo "2259"]
[WhiteElo "2393"]
[LiveChessVersion "1.4.8"]

1. e4 {[%clk 1:30:56]} c6 {[%clk 1:30:52]} 2. d4 {[%clk 1:31:19]} d5
{[%clk 1:31:11]} 3. e5 {[%clk 1:31:44]} c5 {[%clk 1:31:22]} 4. dxc5
{[%clk 1:31:54]} e6 {[%clk 1:31:38]} 5. Nf3 {[%clk 1:31:29]} Bxc5
{[%clk 1:31:39]} 6. Bd3 {[%clk 1:28:36]} Nc6 {[%clk 1:31:57]} 7. a3
{[%clk 1:25:38]} a6 {[%clk 1:32:10]} 8. O-O {[%clk 1:23:45]} Nge7
{[%clk 1:31:58]} 9. b4 {[%clk 1:10:28]} Ba7 {[%clk 1:32:09]} 10. Bb2
{[%clk 1:10:10]} Ng6 {[%clk 1:31:34]} 11. g3 {[%clk 1:02:07]} O-O
{[%clk 1:29:13]} 12. Nbd2 {[%clk 0:59:28]} f6 {[%clk 1:27:05]} 13. Bxg6
{[%clk 0:56:54]} hxg6 {[%clk 1:27:24]} 14. c4 {[%clk 0:55:34]} fxe5
{[%clk 1:19:47]} 15. Nxe5 {[%clk 0:54:00]} Nxe5 {[%clk 1:10:02]} 16. Bxe5
{[%clk 0:54:19]} Qg5 {[%clk 1:10:15]} 17. Bd6 {[%clk 0:49:52]} Rf5
{[%clk 0:53:29]} 18. c5 {[%clk 0:47:40]} Qf6 {[%clk 0:41:39]} 19. Nb3
{[%clk 0:41:08]} Bb8 {[%clk 0:39:58]} 20. Bxb8 {[%clk 0:37:22]} Rxb8
{[%clk 0:40:23]} 21. Nd4 {[%clk 0:37:45]} Re5 {[%clk 0:38:42]} 22. f3
{[%clk 0:26:08]} Bd7 {[%clk 0:38:52]} 23. Qd2 {[%clk 0:25:12]} Ba4
{[%clk 0:36:44]} 24. f4 {[%clk 0:22:16]} Re4 {[%clk 0:36:38]} 25. Nf3
{[%clk 0:22:30]} Rd8 {[%clk 0:27:15]} 26. Ng5 {[%clk 0:18:04]} Rc4
{[%clk 0:26:21]} 27. Rac1 {[%clk 0:15:28]} Rxc1 {[%clk 0:25:44]} 28. Rxc1
{[%clk 0:15:51]} e5 {[%clk 0:22:10]} 29. fxe5 {[%clk 0:16:07]} Qxe5
{[%clk 0:22:35]} 30. Re1 {[%clk 0:16:26]} Qf5 {[%clk 0:20:00]} 31. Rf1
{[%clk 0:16:41]} Qg4 {[%clk 0:07:23]} 32. Nf7 {[%clk 0:14:26]} Re8
{[%clk 0:07:22]} 33. Qxd5 {[%clk 0:12:40]} Kh7 {[%clk 0:05:09]} 34. Ng5+
{[%clk 0:07:22]} Kh6 {[%clk 0:05:00]} 35. Nf7+ {[%clk 0:07:35]} Kh7
{[%clk 0:05:26]} 36. Ng5+ {[%clk 0:07:33]} Kh6 {[%clk 0:05:50]} 1/2-1/2

[Event "escc2023_50"]
[Site "?"]
[Date "2023.06.01"]
[Round "7.6"]
[White "Atalik, Suat"]
[Black "Sturua, Zurab"]
[Result "1/2-1/2"]
[BlackElo "2518"]
[WhiteElo "2441"]
[LiveChessVersion "1.4.8"]

1. d4 {[%clk 1:30:53]} d5 {[%clk 1:30:47]} 2. c4 {[%clk 1:31:09]} e6
{[%clk 1:31:02]} 3. Nf3 {[%clk 1:30:52]} Nf6 {[%clk 1:31:11]} 4. g3
{[%clk 1:30:59]} Be7 {[%clk 1:30:36]} 5. Bg2 {[%clk 1:31:07]} O-O
{[%clk 1:30:53]} 6. O-O {[%clk 1:28:56]} dxc4 {[%clk 1:30:59]} 7. Qc2
{[%clk 1:29:10]} b6 {[%clk 1:30:14]} 8. Bg5 {[%clk 1:22:47]} Nd5 {[%clk 1:30:15]}
9. Bxe7 {[%clk 1:21:04]} Qxe7 {[%clk 1:30:24]} 10. h4 {[%clk 1:21:29]} h6
{[%clk 1:21:19]} 11. Ne5 {[%clk 1:16:50]} Ba6 {[%clk 1:13:48]} 12. Nc3
{[%clk 1:11:52]} Bb7 {[%clk 1:07:59]} 13. Nxc4 {[%clk 1:05:00]} Nb4
{[%clk 1:00:58]} 14. Qb3 {[%clk 1:03:44]} Bxg2 {[%clk 0:59:59]} 15. Kxg2
{[%clk 1:04:10]} c5 {[%clk 0:52:54]} 16. dxc5 {[%clk 1:01:46]} Qxc5
{[%clk 0:38:39]} 17. Rad1 {[%clk 0:51:24]} N8c6 {[%clk 0:35:36]} 18. a3
{[%clk 0:48:01]} Nd5 {[%clk 0:32:15]} 19. Nxd5 {[%clk 0:48:22]} exd5
{[%clk 0:32:31]} 20. Ne3 {[%clk 0:47:09]} d4 {[%clk 0:31:08]} 21. Rc1
{[%clk 0:44:46]} Qe5 {[%clk 0:28:25]} 22. Nf5 {[%clk 0:44:45]} Qxf5
{[%clk 0:27:07]} 23. Rxc6 {[%clk 0:45:11]} Rfe8 {[%clk 0:17:57]} 24. Qf3
{[%clk 0:44:15]} Qe5 {[%clk 0:18:17]} 25. Rc2 {[%clk 0:41:59]} Rac8
{[%clk 0:17:45]} 26. Rfc1 {[%clk 0:37:46]} Rc5 {[%clk 0:16:21]} 27. b4
{[%clk 0:37:09]} Rxc2 {[%clk 0:16:26]} 28. Rxc2 {[%clk 0:37:36]} h5
{[%clk 0:16:14]} 29. a4 {[%clk 0:31:21]} g6 {[%clk 0:15:57]} 30. b5
{[%clk 0:31:13]} Kg7 {[%clk 0:15:37]} 31. Rd2 {[%clk 0:21:46]} Re7
{[%clk 0:12:08]} 32. Qd3 {[%clk 0:19:15]} Rd7 {[%clk 0:09:07]} 33. Rd1
{[%clk 0:18:50]} Kf6 {[%clk 0:07:29]} 34. e3 {[%clk 0:13:01]} Qd5+
{[%clk 0:06:34]} 35. Kg1 {[%clk 0:13:11]} Qf5 {[%clk 0:06:05]} 36. exd4
{[%clk 0:06:59]} Qxd3 {[%clk 0:06:26]} 37. Rxd3 {[%clk 0:07:27]} Ke6
{[%clk 0:05:12]} 38. Kg2 {[%clk 0:07:39]} Rc7 {[%clk 0:03:00]} 39. d5+
{[%clk 0:05:09]} Kd6 {[%clk 0:03:23]} 40. Rd4 {[%clk 0:05:12]} Ke5
{[%clk 0:03:18]} 41. d6 {[%clk 0:04:31]} Rd7 {[%clk 0:03:44]} 42. Rc4
{[%clk 0:04:05]} Kxd6 {[%clk 0:25:56]} 43. Rd4+ {[%clk 0:27:31]} Ke6
{[%clk 0:26:18]} 44. Rxd7 {[%clk 0:27:51]} Kxd7 {[%clk 0:26:43]} 45. Kf3
{[%clk 0:28:19]} Kd6 {[%clk 0:25:45]} 46. Ke4 {[%clk 0:27:00]} Kc5
{[%clk 0:20:53]} 47. Ke5 {[%clk 0:27:24]} Kb4 {[%clk 0:21:19]} 48. Kf6
{[%clk 0:27:52]} Kxa4 {[%clk 0:21:43]} 49. Kxf7 {[%clk 0:28:17]} Kxb5
{[%clk 0:22:08]} 50. Kxg6 {[%clk 0:28:42]} a5 {[%clk 0:22:30]} 51. f4
{[%clk 0:28:56]} a4 {[%clk 0:22:46]} 52. f5 {[%clk 0:29:22]} a3 {[%clk 0:23:11]}
53. f6 {[%clk 0:29:48]} a2 {[%clk 0:23:27]} 54. f7 {[%clk 0:30:14]} a1=Q
{[%clk 0:23:48]} 55. f8=Q {[%clk 0:30:41]} Qd1 {[%clk 0:23:10]} 56. Qf5+
{[%clk 0:27:54]} Kc6 {[%clk 0:14:46]} 57. Qc8+ {[%clk 0:25:31]} Kb5
{[%clk 0:15:10]} 58. Qf5+ {[%clk 0:23:17]} Kc6 {[%clk 0:15:01]} 59. Qc8+
{[%clk 0:22:50]} 1/2-1/2

[Event "escc2023_50"]
[Site "?"]
[Date "2023.06.01"]
[Round "7.7"]
[White "Wacker, Peter"]
[Black "Van Der Werf, Mark"]
[Result "1/2-1/2"]
[BlackElo "2396"]
[WhiteElo "2265"]
[LiveChessVersion "1.4.8"]

1. e4 {[%clk 1:30:56]} e5 {[%clk 1:30:53]} 2. Nf3 {[%clk 1:31:14]} Nc6
{[%clk 1:31:15]} 3. Nc3 {[%clk 1:31:08]} Nf6 {[%clk 1:31:33]} 4. d4
{[%clk 1:31:08]} exd4 {[%clk 1:31:25]} 5. Nxd4 {[%clk 1:31:10]} Bb4
{[%clk 1:31:48]} 6. Nxc6 {[%clk 1:31:28]} bxc6 {[%clk 1:32:12]} 7. Bd3
{[%clk 1:31:50]} O-O {[%clk 1:32:34]} 8. O-O {[%clk 1:32:13]} d5 {[%clk 1:32:56]}
9. exd5 {[%clk 1:32:13]} cxd5 {[%clk 1:33:17]} 10. h3 {[%clk 1:31:51]} Rb8
{[%clk 1:30:33]} 11. Qf3 {[%clk 1:28:11]} Rb6 {[%clk 1:27:10]} 12. Na4
{[%clk 1:21:11]} Re6 {[%clk 1:25:22]} 13. Bg5 {[%clk 1:11:40]} h6
{[%clk 1:14:04]} 14. Bh4 {[%clk 1:10:53]} Qd7 {[%clk 1:10:30]} 15. a3
{[%clk 1:03:19]} Qxa4 {[%clk 1:04:27]} 16. axb4 {[%clk 1:03:43]} Qxb4
{[%clk 1:04:53]} 17. Bxf6 {[%clk 1:02:01]} Rxf6 {[%clk 1:05:17]} 18. Qxd5
{[%clk 1:02:19]} Qxb2 {[%clk 1:04:00]} 19. Rxa7 {[%clk 1:01:55]} c6
{[%clk 1:01:30]} 20. Qc5 {[%clk 0:59:50]} Be6 {[%clk 0:58:42]} 21. Ra6
{[%clk 0:50:02]} Rc8 {[%clk 0:49:44]} 22. Rxc6 {[%clk 0:45:45]} Rxc6
{[%clk 0:50:10]} 23. Qxc6 {[%clk 0:46:11]} g6 {[%clk 0:50:05]} 24. Qc5
{[%clk 0:44:45]} Kg7 {[%clk 0:48:57]} 25. Re1 {[%clk 0:44:30]} Rf4
{[%clk 0:43:33]} 26. Qc7 {[%clk 0:39:34]} Rf6 {[%clk 0:42:33]} 27. Qe5
{[%clk 0:39:55]} Qxe5 {[%clk 0:42:58]} 28. Rxe5 {[%clk 0:40:22]} Rf4
{[%clk 0:41:41]} 29. Kf1 {[%clk 0:38:58]} Ra4 {[%clk 0:41:14]} 30. Ke2
{[%clk 0:38:44]} Kf6 {[%clk 0:41:30]} 31. Re4 {[%clk 0:38:10]} Ra5
{[%clk 0:37:24]} 32. Rb4 {[%clk 0:36:18]} Ra1 {[%clk 0:29:17]} 33. h4
{[%clk 0:36:25]} g5 {[%clk 0:29:16]} 34. hxg5+ {[%clk 0:36:50]} hxg5
{[%clk 0:29:33]} 35. Bc4 {[%clk 0:31:18]} Bg4+ {[%clk 0:19:13]} 36. Ke3
{[%clk 0:28:03]} Re1+ {[%clk 0:18:22]} 37. Kd2 {[%clk 0:27:51]} Rd1+
{[%clk 0:16:01]} 38. Kc3 {[%clk 0:27:38]} Rg1 {[%clk 0:11:48]} 39. Rb6+
{[%clk 0:15:53]} Be6 {[%clk 0:10:57]} 40. Bd5 {[%clk 0:15:04]} Ke5
{[%clk 0:05:28]} 41. Bb7 {[%clk 0:13:34]} f5 {[%clk 0:03:12]} 42. Rb5+
{[%clk 0:09:18]} 1/2-1/2

[Event "escc2023_50"]
[Site "?"]
[Date "2023.06.01"]
[Round "7.8"]
[White "Arkell, Keith C"]
[Black "De Santis, Alessio"]
[Result "1/2-1/2"]
[BlackElo "2117"]
[WhiteElo "2390"]
[LiveChessVersion "1.4.8"]

1. Nf3 {[%clk 1:30:40]} c5 {[%clk 1:28:47]} 2. c4 {[%clk 1:31:04]} b6
{[%clk 1:29:02]} 3. Nc3 {[%clk 1:31:21]} Bb7 {[%clk 1:29:18]} 4. e4
{[%clk 1:31:12]} g6 {[%clk 1:28:57]} 5. g3 {[%clk 1:30:54]} Bg7 {[%clk 1:29:16]}
6. d3 {[%clk 1:31:20]} Nc6 {[%clk 1:28:34]} 7. Bg2 {[%clk 1:31:46]} a6
{[%clk 1:26:51]} 8. O-O {[%clk 1:32:08]} d6 {[%clk 1:26:04]} 9. Re1
{[%clk 1:31:59]} e6 {[%clk 1:03:14]} 10. Be3 {[%clk 1:26:30]} Nd4
{[%clk 0:58:58]} 11. Qd2 {[%clk 1:25:11]} Ne7 {[%clk 0:55:25]} 12. Rab1
{[%clk 1:25:27]} Nec6 {[%clk 0:54:19]} 13. Bh6 {[%clk 1:22:29]} Nxf3+
{[%clk 0:50:48]} 14. Bxf3 {[%clk 1:22:54]} O-O {[%clk 0:50:47]} 15. Bxg7
{[%clk 1:23:05]} Kxg7 {[%clk 0:51:12]} 16. Bg2 {[%clk 1:23:03]} b5
{[%clk 0:29:28]} 17. cxb5 {[%clk 1:22:42]} axb5 {[%clk 0:29:54]} 18. Nxb5
{[%clk 1:22:54]} Rxa2 {[%clk 0:29:51]} 19. Qc3+ {[%clk 0:59:48]} e5
{[%clk 0:30:06]} 20. f4 {[%clk 0:58:44]} Ra5 {[%clk 0:28:09]} 21. Na3
{[%clk 0:58:49]} f6 {[%clk 0:26:58]} 22. Nc4 {[%clk 0:58:57]} Rb5
{[%clk 0:27:15]} 23. Ra1 {[%clk 0:58:25]} Qb8 {[%clk 0:25:32]} 24. Rf1
{[%clk 0:54:01]} Nd4 {[%clk 0:25:34]} 25. Rf2 {[%clk 0:54:26]} Bc8
{[%clk 0:18:35]} 26. Qa3 {[%clk 0:39:37]} Be6 {[%clk 0:15:39]} 27. Qa7+
{[%clk 0:29:50]} Rb7 {[%clk 0:15:16]} 28. Qxb8 {[%clk 0:28:09]} Rfxb8
{[%clk 0:15:36]} 29. Nxd6 {[%clk 0:28:22]} Rxb2 {[%clk 0:11:51]} 30. Ra7+
{[%clk 0:28:39]} Kg8 {[%clk 0:08:41]} 31. Rxb2 {[%clk 0:28:36]} Rxb2
{[%clk 0:09:09]} 32. f5 {[%clk 0:26:20]} Rb1+ {[%clk 0:08:45]} 33. Kf2
{[%clk 0:23:35]} Rb2+ {[%clk 0:09:11]} 34. Kg1 {[%clk 0:18:34]} Rb1+
{[%clk 0:08:14]} 35. Kf2 {[%clk 0:15:43]} Rb2+ {[%clk 0:08:28]} 36. Kg1
{[%clk 0:16:00]} 1/2-1/2